Biggest Cities of the Republic of Texas in 1840 with a Map - Statistics

General Stats
  • This quiz has been taken 203 times
  • The average score is 6 of 28
Answers on the Map
Answers color-coded by a green-red scale on the quiz's map according to % correct below.
 
Answer Stats
Population City % Correct
1,500 Houston
97%
2,000 San Antonio
92%
550 Austin
89%
3,000 Galveston
86%
500 Victoria
39%
500 Nacogdoches
25%
100 Goliad
21%
100 Gonzales
19%
400 Bastrop
17%
450 Matagorda
14%
400 Washington
14%
400 La Grange
13%
1,500 San Augustine
13%
150 Jasper
10%
300 Anahuac
9%
100 Harrisburg
9%
300 Velasco
9%
550 Brazoria
8%
150 Liberty
8%
100 Richmond
8%
200 Shelbyville
8%
250 Columbus
7%
300 Columbia
6%
150 San Felipe
4%
150 San Patricio
4%
300 Nashland
3%
200 Cincinnati
1%
250 Texana
1%
No matching quizzes found
Score Distribution
Percent of People with Each Score
Percentile by Number Answered
Your Score History
You have not taken this quiz